[Event "Mittelfranken Landesliga Nord 2122"]
[Site "Mittelfranken"]
[Date "2021.10.24"]
[Round "1.3"]
[White "Wambach, Juergen"]
[Black "Kreuzer, Helmut"]
[Result "1/2-1/2"]
[WhiteElo "2040"]
[BlackElo "2068"]
[PlyCount "65"]
[EventDate "2021.10.24"]
[EventType "team-tourn"]
[EventRounds "9"]
[EventCountry "GER"]
[SourceTitle "EXT 2024"]
[Source "ChessBase"]
[SourceDate "2023.10.10"]
[SourceVersion "1"]
[SourceVersionDate "2023.10.10"]
[SourceQuality "1"]
[WhiteTeam "Klingenberg"]
[BlackTeam "Kelheim"]
[WhiteTeamCountry "GER"]
[BlackTeamCountry "GER"]

1. f4 c5 2. Nf3 Nc6 3. d3 g6 4. e4 Bg7 5. Be2 d6 6. 0-0 e6 7. Nc3 Nge7 8. Qe1 Nd4 9. Bd1 Nec6 10. Kh1 0-0 11. Nxd4 Nxd4 12. Ne2 Nxe2 13. Bxe2 Bd7 14. Bf3 Rc8 15. c4 b5 16. Rb1 b4 17. g4 e5 18. f5 g5 19. h4 h6 20. Bd1 Bf6 21. Be3 Kg7 22. Qd2 Rh8 23. Rg1 Qe7 24. Bf3 Rcg8 25. a3 a5 26. Ra1 Ra8 27. Rg2 Bc6 28. b3 Rhb8 29. a4 Rh8 30. Kg1 Rag8 31. Kf2 Kf8 32. Rh1 Kg7 33. h5 1/2-1/2

[Event "Landesliga Nord 1718"]
[Site "Bayern"]
[Date "2018.02.04"]
[Round "6.5"]
[White "Jell, Klaus"]
[Black "Kreuzer, Helmut"]
[Result "0-1"]
[WhiteElo "2166"]
[BlackElo "2117"]
[PlyCount "80"]
[EventDate "2017.10.22"]
[EventType "team-tourn"]
[EventRounds "9"]
[EventCountry "GER"]
[SourceTitle "EXT 2022"]
[Source "ChessBase"]
[SourceDate "2021.10.06"]
[SourceVersion "1"]
[SourceVersionDate "2021.10.06"]
[SourceQuality "1"]
[WhiteTeam "Kareth Lappersdorf"]
[BlackTeam "Kelheim SK"]
[WhiteTeamCountry "GER"]
[BlackTeamCountry "GER"]

1. e4 c5 2. Nf3 Nc6 3. d4 cxd4 4. Nxd4 Nf6 5. Nc3 d6 6. Bg5 e6 7. Qd2 Be7 8. 0-0-0 a6 9. Be2 Qc7 10. f4 Bd7 11. Nf3 h6 12. Bh4 0-0-0 13. Rhe1 Be8 14. Bd3 Nb4 15. Qe2 Nxd3+ 16. Rxd3 Bc6 17. Nd4 Kb8 18. Nxc6+ Qxc6 19. f5 Ka8 20. fxe6 fxe6 21. Bf2 Nd7 22. Bg3 Nc5 23. Rf3 Rhf8 24. Ref1 Rxf3 25. gxf3 Bf6 26. e5 Bg5+ 27. f4 Be7 28. f5 dxe5 29. Bxe5 exf5 30. Bxg7 Bg5+ 31. Kb1 Ne4 32. Nxe4 Qxe4 33. Qxe4 fxe4 34. b3 e3 35. Re1 Rd2 36. h4 e2 37. Bc3 Rd1+ 38. Kb2 Bc1+ 39. Kb1 Ba3+ 40. Rxd1 exd1Q# 0-1

[Event "GER Cup 1617 final"]
[Site "Niederhausen"]
[Date "2017.06.15"]
[Round "1.5"]
[White "Kreuzer, Helmut"]
[Black "Goergens, Michael"]
[Result "0-1"]
[WhiteElo "2104"]
[BlackElo "2028"]
[PlyCount "82"]
[EventDate "2017.06.15"]
[EventType "swiss"]
[EventRounds "5"]
[EventCountry "GER"]
[SourceTitle "EXT 2019"]
[Source "ChessBase"]
[SourceDate "2018.10.10"]
[SourceVersion "1"]
[SourceVersionDate "2018.10.10"]
[SourceQuality "1"]

1. d4 Nf6 2. c4 g6 3. Nc3 Bg7 4. e4 d6 5. f3 0-0 6. Be3 c6 7. Qd2 e5 8. Nge2 Nbd7 9. 0-0-0 Qa5 10. dxe5 dxe5 11. Kb1 Nc5 12. Nc1 Be6 13. Qf2 Na4 14. Nxa4 Qxa4 15. Be2 b5 16. b3 Qa5 17. c5 Qc7 18. Kb2 b4 19. Ba6 Rad8 20. Qe2 Nd7 21. Bc4 Bxc4 22. Qxc4 a5 23. Rd6 Rfe8 24. Qa6 Nb8 25. Rxd8 Qxd8 26. Qc4 Qh4 27. Kc2 Rd8 28. Qe2 f5 29. g3 Qe7 30. Rd1 Rf8 31. Qc4+ Kh8 32. Nd3 Qf6 33. f4 Nd7 34. exf5 e4 35. Qxe4 Qc3+ 36. Kb1 Qa1+ 37. Kc2 Qxa2+ 38. Kc1 Qxb3 39. Bd4 Qc4+ 40. Kd2 Bxd4 41. Qe7 Qf7 0-1

[Event "Landesliga Nord 1617"]
[Site "Bayern"]
[Date "2017.01.15"]
[Round "4.6"]
[White "Stephan, Michael"]
[Black "Kreuzer, Helmut"]
[Result "0-1"]
[WhiteElo "1991"]
[BlackElo "2069"]
[PlyCount "94"]
[EventDate "2016.10.16"]
[EventType "team-tourn"]
[EventRounds "9"]
[EventCountry "GER"]
[SourceTitle "EXT 2019"]
[Source "ChessBase"]
[SourceDate "2018.10.10"]
[SourceVersion "1"]
[SourceVersionDate "2018.10.10"]
[SourceQuality "1"]
[WhiteTeam "Forchheim II"]
[BlackTeam "Kelheim"]
[WhiteTeamCountry "GER"]
[BlackTeamCountry "GER"]

1. e4 c5 2. d4 cxd4 3. c3 d3 4. Nf3 Nc6 5. Bxd3 d6 6. 0-0 Nf6 7. Qe2 e6 8. Rd1 Qc7 9. c4 Be7 10. Nc3 a6 11. h3 0-0 12. Bf4 Nd7 13. Rac1 Nce5 14. b3 b6 15. Bb1 Bb7 16. Nd4 Rac8 17. Qe3 Rfe8 18. Bh2 Qb8 19. Kh1 Qa8 20. f4 Nc6 21. Nf3 Rcd8 22. Rd2 Nf6 23. Qxb6 d5 24. cxd5 exd5 25. Nxd5 Nxd5 26. Rxd5 Rxd5 27. exd5 Nb4 28. Rc7 Bxd5 29. Rxe7 Rxe7 30. Qxb4 Re2 31. Qc3 g6 32. Bg1 Bxf3 33. gxf3 Qe8 34. a4 Qd7 35. f5 Qd1 36. Qd3 Qf1 37. Qd8+ Kg7 38. Qd4+ f6 39. Qg4 Qxb1 40. fxg6 Qxg6 41. b4 Qxg4 42. hxg4 Ra2 43. a5 Kg6 44. Bc5 Kg5 45. Bd6 Rf2 46. Kg1 Rxf3 47. b5 Rd3 0-1

[Event "Landesliga Nord 1415"]
[Site "Bayern"]
[Date "2015.04.12"]
[Round "9.6"]
[White "Kreuzer, Helmut"]
[Black "Zoeller, Bernd"]
[Result "1/2-1/2"]
[WhiteElo "2064"]
[BlackElo "1936"]
[PlyCount "106"]
[EventDate "2014.10.19"]
[EventType "team-tourn"]
[EventRounds "9"]
[EventCountry "GER"]
[SourceTitle "EXT 2018"]
[Source "ChessBase"]
[SourceDate "2017.10.13"]
[SourceVersion "1"]
[SourceVersionDate "2017.10.13"]
[SourceQuality "1"]
[WhiteTeam "Kelheim"]
[BlackTeam "Klingenberg"]
[WhiteTeamCountry "GER"]
[BlackTeamCountry "GER"]

1. d4 Nf6 2. c4 e6 3. Nc3 Bb4 4. e3 d5 5. Bd3 0-0 6. Nge2 b6 7. a3 Be7 8. 0-0 Bb7 9. Qc2 Nbd7 10. cxd5 exd5 11. b4 Rc8 12. Qb3 c6 13. Ng3 Bd6 14. Bd2 Re8 15. Rfc1 Ng4 16. Nce2 Qf6 17. Be1 Qh4 18. h3 Nh6 19. Nf1 Qf6 20. Neg3 Nf8 21. Bb1 Rc7 22. Ra2 Ba6 23. Bd3 Bc8 24. Rac2 Bd7 25. b5 Rec8 26. bxc6 Rxc6 27. Rxc6 Rxc6 28. Rxc6 Bxc6 29. Bb4 Qe7 30. Bxd6 Qxd6 31. Ne2 Ne6 32. Nc3 Kf8 33. Nd2 g6 34. Nf3 f6 35. h4 Ng8 36. h5 Ne7 37. Nh4 Kg7 38. hxg6 hxg6 39. Bxg6 Nxd4 40. Qd1 Nxg6 41. Nxg6 Kxg6 42. Qxd4 Qxa3 43. Ne2 Kf7 44. Qd1 Qa4 45. Qc1 Qc4 46. Qb2 Qd3 47. Nf4 Qe4 48. Qc1 d4 49. exd4 Qxd4 50. Qxc6 Qxf4 51. Qd7+ Kg6 52. Qxa7 Qc1+ 53. Kh2 Qf4+ 1/2-1/2

[Event "Landesliga Nord 1415"]
[Site "Bayern"]
[Date "2015.02.01"]
[Round "6.6"]
[White "Kreuzer, Helmut"]
[Black "Lukas, Norbert"]
[Result "1/2-1/2"]
[WhiteElo "2064"]
[BlackElo "1930"]
[PlyCount "46"]
[EventDate "2014.10.19"]
[EventType "team-tourn"]
[EventRounds "9"]
[EventCountry "GER"]
[SourceTitle "EXT 2018"]
[Source "ChessBase"]
[SourceDate "2017.10.13"]
[SourceVersion "1"]
[SourceVersionDate "2017.10.13"]
[SourceQuality "1"]
[WhiteTeam "Kelheim"]
[BlackTeam "Schweinfurt"]
[WhiteTeamCountry "GER"]
[BlackTeamCountry "GER"]

1. d4 Nf6 2. c4 e6 3. Nc3 d5 4. Bg5 c6 5. cxd5 exd5 6. e3 Bf5 7. Bd3 Bxd3 8. Qxd3 Nbd7 9. Nge2 Be7 10. 0-0 0-0 11. f3 Re8 12. Bh4 h6 13. Bf2 Nf8 14. Rab1 Ng6 15. h3 Nh7 16. b4 a6 17. a4 Qd7 18. b5 Bh4 19. g3 Qxh3 20. gxh4 Nxh4 21. Bxh4 Qxh4 22. Kg2 Qg5+ 23. Kf2 Qh4+ 1/2-1/2

[Event "Landesliga Nord 1415"]
[Site "Bayern"]
[Date "2014.10.19"]
[Round "1.6"]
[White "Rein, Iwan"]
[Black "Kreuzer, Helmut"]
[Result "0-1"]
[WhiteElo "1978"]
[BlackElo "2064"]
[PlyCount "62"]
[EventDate "2014.10.19"]
[EventType "team-tourn"]
[EventRounds "9"]
[EventCountry "GER"]
[SourceTitle "EXT 2018"]
[Source "ChessBase"]
[SourceDate "2017.10.13"]
[SourceVersion "1"]
[SourceVersionDate "2017.10.13"]
[SourceQuality "1"]
[WhiteTeam "Bindlach Aktionaer II"]
[BlackTeam "Kelheim"]
[WhiteTeamCountry "GER"]
[BlackTeamCountry "GER"]

1. d4 Nf6 2. c4 e6 3. Nc3 d5 4. Nf3 Be7 5. g4 c6 6. Qc2 Qa5 7. Bd2 Qc7 8. g5 Nh5 9. e4 dxe4 10. Qxe4 0-0 11. Bd3 g6 12. Ne5 Nd7 13. Ng4 e5 14. Nh6+ Kg7 15. f4 f5 16. gxf6+ Ndxf6 17. Qg2 Nxf4 18. Bxf4 exf4 19. Nf5+ Bxf5 20. Bxf5 f3 21. Qxf3 Nh5 22. Rg1 Kh8 23. 0-0-0 Rxf5 24. Qh3 Qf4+ 25. Kb1 Qf3 26. Qxf3 Rxf3 27. d5 cxd5 28. cxd5 Rd8 29. Ne4 Re3 30. Rd4 Nf6 31. Nc3 Bc5 0-1

[Event "Landesliga Nord 1213"]
[Site "Bayern"]
[Date "2012.12.09"]
[Round "4.6"]
[White "Demburg, Dimitrij"]
[Black "Kreuzer, Helmut"]
[Result "1-0"]
[WhiteElo "2106"]
[BlackElo "2065"]
[PlyCount "63"]
[EventDate "2012.10.14"]
[EventType "team-tourn"]
[EventRounds "9"]
[EventCountry "GER"]
[SourceTitle "EXT 2015"]
[Source "ChessBase"]
[SourceDate "2014.11.20"]
[SourceVersion "1"]
[SourceVersionDate "2014.11.20"]
[SourceQuality "1"]
[WhiteTeam "Nuernberg NT II"]
[BlackTeam "Kelheim"]
[WhiteTeamCountry "GER"]
[BlackTeamCountry "GER"]

1. e4 c5 2. Nc3 Nc6 3. g3 g6 4. Bg2 Bg7 5. d3 d6 6. Be3 e6 7. Qd2 b6 8. Nf3 Nd4 9. Bxd4 cxd4 10. Nb5 e5 11. Qb4 Ke7 12. Nfxd4 exd4 13. e5 Rb8 14. Nxd6 Bxe5 15. Nxc8+ Kf6 16. Nxa7 Ne7 17. f4 Bc7 18. 0-0 Qd6 19. Qc4 Qc5 20. Nb5 Bd6 21. Nxd6 Qxd6 22. Be4 Rbc8 23. Qb3 Rc5 24. Rf2 Kg7 25. Raf1 f6 26. Re1 Rhc8 27. Rfe2 R8c7 28. Bf3 b5 29. Re6 Qd8 30. g4 h6 31. R1e2 Ng8 32. Re8 1-0

[Event "Landesliga Nord 1213"]
[Site "Bayern"]
[Date "2012.10.14"]
[Round "1.5"]
[White "Zuehlke, Burkhard"]
[Black "Kreuzer, Helmut"]
[Result "1/2-1/2"]
[WhiteElo "2084"]
[BlackElo "2065"]
[PlyCount "132"]
[EventDate "2012.10.14"]
[EventType "team-tourn"]
[EventRounds "9"]
[EventCountry "GER"]
[SourceTitle "EXT 2015"]
[Source "ChessBase"]
[SourceDate "2014.11.20"]
[SourceVersion "1"]
[SourceVersionDate "2014.11.20"]
[SourceQuality "1"]
[WhiteTeam "Zirndorf"]
[BlackTeam "Kelheim"]
[WhiteTeamCountry "GER"]
[BlackTeamCountry "GER"]

1. d4 Nf6 2. c4 e6 3. Nc3 d5 4. cxd5 exd5 5. Bg5 c6 6. Qc2 Be7 7. e3 0-0 8. Bd3 Nbd7 9. Nge2 Re8 10. 0-0 Nf8 11. Rae1 g6 12. f3 Ne6 13. Bh4 b6 14. Bf2 Bb7 15. Qd2 c5 16. Bb5 Rf8 17. dxc5 bxc5 18. Rd1 Qb6 19. Ba4 Rfd8 20. Bb3 Bc6 21. Rfe1 Rd7 22. Qc2 Qd8 23. Ba4 Rc8 24. Bxc6 Rxc6 25. Na4 Rcc7 26. Bg3 Bd6 27. Bxd6 Rxd6 28. b3 Qe7 29. Nec3 Rd8 30. Qf2 Rcd7 31. Qh4 Kg7 32. Ne2 Qd6 33. Nec3 Qc6 34. Qf2 Rd6 35. Nb2 Nd7 36. e4 Nb6 37. e5 R6d7 38. Qh4 Nd4 39. Nd3 Nf5 40. Qf2 Rc7 41. Nf4 Ne7 42. Ne4 Nd7 43. Ng5 Nf8 44. h4 Re8 45. Qb2 Ne6 46. Qd2 h6 47. Ngh3 d4 48. Rc1 Nf5 49. h5 g5 50. Nd3 Ng3 51. f4 Rg8 52. fxg5 hxg5 53. Nxg5 Nxg5 54. Qxg5+ Kh7 55. Qf6 Nxh5 56. Qxc6 Rxc6 57. Rxc5 Rxc5 58. Nxc5 Nf4 59. Kf2 Rxg2+ 60. Kf3 Rc2 61. Kxf4 Rxc5 62. Ke4 Rc2 63. Kxd4 Rxa2 64. Rg1 Rb2 65. Kc4 Re2 66. Kd4 Rb2 1/2-1/2

[Event "Landesliga Nord 1011"]
[Site "Bayern"]
[Date "2011.03.20"]
[Round "8.4"]
[White "Kreuzer, Helmut"]
[Black "Haag, Wolfgang"]
[Result "0-1"]
[WhiteElo "2090"]
[BlackElo "2184"]
[PlyCount "40"]
[EventDate "2010.10.10"]
[EventType "team-tourn"]
[EventRounds "9"]
[EventCountry "GER"]
[SourceTitle "EXT 2012"]
[Source "ChessBase"]
[SourceDate "2011.11.24"]
[SourceVersion "1"]
[SourceVersionDate "2011.11.24"]
[SourceQuality "1"]
[WhiteTeam "Kelheim"]
[BlackTeam "Schweinfurt"]
[WhiteTeamCountry "GER"]
[BlackTeamCountry "GER"]

1. d4 Nf6 2. c4 g6 3. Nc3 Bg7 4. e4 d6 5. f3 0-0 6. Be3 b6 7. Qd2 c5 8. Nge2 Nc6 9. d5 Ne5 10. Nc1 e6 11. dxe6 fxe6 12. Be2 Bb7 13. 0-0 d5 14. cxd5 exd5 15. exd5 Nxd5 16. Nxd5 Qxd5 17. Qxd5+ Bxd5 18. Rd1 Bc4 19. Rb1 Rae8 20. Nd3 Nxf3+ 0-1

[Event "Landesliga Nord 0910"]
[Site "Bayern"]
[Date "2010.02.28"]
[Round "7.4"]
[White "Kraich, Klaus"]
[Black "Kreuzer, Helmut"]
[Result "1/2-1/2"]
[WhiteElo "2083"]
[BlackElo "2126"]
[PlyCount "120"]
[EventDate "2009.10.18"]
[EventType "team-tourn"]
[EventRounds "9"]
[EventCountry "GER"]
[SourceTitle "EXT 2011"]
[Source "ChessBase"]
[SourceDate "2010.11.26"]
[SourceVersion "1"]
[SourceVersionDate "2010.11.26"]
[SourceQuality "1"]
[WhiteTeam "Klingenberg"]
[BlackTeam "Kelheim"]
[WhiteTeamCountry "GER"]
[BlackTeamCountry "GER"]

1. e4 c5 2. d3 g6 3. f4 Bg7 4. Nf3 Nc6 5. g3 d6 6. Bg2 e5 7. 0-0 Nge7 8. c3 0-0 9. Be3 b6 10. Na3 Qc7 11. Nb5 Qb8 12. a4 a6 13. Na3 f6 14. d4 Nd8 15. fxe5 fxe5 16. Qb3+ Be6 17. d5 Bd7 18. Nc4 Nc8 19. Qa2 Ra7 20. a5 b5 21. Ncxe5 dxe5 22. Bxc5 Re8 23. Bxa7 Qxa7+ 24. Kh1 Nd6 25. Rae1 Qc7 26. Nd2 N8f7 27. Re2 Qc5 28. Ref2 Rf8 29. Qb1 Ng5 30. Rxf8+ Bxf8 31. h4 Ngf7 32. Qe1 Bh6 33. Qe2 Qe3 34. Qxe3 Bxe3 35. Nb3 Kg7 36. Kh2 g5 37. Re1 Ba7 38. Bh3 Bxh3 39. Kxh3 Nc4 40. Re2 Kg6 41. Nc1 Nxa5 42. b4 Nc4 43. Ra2 a5 44. bxa5 Nfd6 45. Re2 Nxa5 46. Ra2 Bb6 47. Nd3 Nac4 48. Ra6 gxh4 49. Nxe5+ Nxe5 50. Rxb6 Nec4 51. Ra6 Kf6 52. Kxh4 Ke5 53. g4 Nxe4 54. Ra7 Nxc3 55. Rxh7 Nxd5 56. g5 Nd6 57. Kg4 b4 58. Rh1 Ne4 59. Rb1 Nxg5 60. Kxg5 Ke4 1/2-1/2

[Event "Landesliga Nord 0910"]
[Site "Bayern"]
[Date "2009.10.18"]
[Round "1.5"]
[White "Kreuzer, Helmut"]
[Black "Labin, Sascha"]
[Result "1/2-1/2"]
[WhiteElo "2126"]
[BlackElo "1935"]
[PlyCount "43"]
[EventDate "2009.10.18"]
[EventType "team-tourn"]
[EventRounds "9"]
[EventCountry "GER"]
[SourceTitle "EXT 2011"]
[Source "ChessBase"]
[SourceDate "2010.11.26"]
[SourceVersion "1"]
[SourceVersionDate "2010.11.26"]
[SourceQuality "1"]
[WhiteTeam "Kelheim"]
[BlackTeam "Kulmbach"]
[WhiteTeamCountry "GER"]
[BlackTeamCountry "GER"]

1. d4 Nf6 2. c4 e5 3. dxe5 Ne4 4. a3 b6 5. Nd2 Bb7 6. Ngf3 Qe7 7. Nxe4 Bxe4 8. Bf4 Bxf3 9. gxf3 g5 10. Bg3 Bg7 11. Bg2 Nc6 12. f4 gxf4 13. Bxf4 Bxe5 14. Bxe5 Qxe5 15. Qd2 0-0-0 16. 0-0 Rhg8 17. f4 Qd4+ 18. Qxd4 Nxd4 19. Rf2 Rde8 20. Re1 Nc2 21. Rc1 Ne3 22. Re1 1/2-1/2